[Event "DEM U18w 2024"]
[Site "Willingen GER"]
[Date "2024.05.25"]
[Round "9"]
[White "Wagner, Margarethe"]
[Black "Pohle, Saskia"]
[Result "0-1"]
[Termination "normal"]
[Board "6"]
[WhiteElo "2009"]
[BlackElo "1901"]
[WhiteClock "00:01:31"]
[BlackClock "00:05:28"]
[PlyCount "68"]
[WhiteFideId "16236947"]
[BlackFideId "16201604"]
[EventCountry "GER"]
[EventRounds "9"]
[EventType "swiss"]
[EventDate "2024.05.18"]

1. e4 {[%clk 01:30:59]} e5 {[%clk 01:30:37]} {[%emt 00:00:23]} 2. Nf3 {[%clk
01:31:20]} {[%emt 00:00:08]} Qe7 {[%clk 01:30:15]} {[%emt 00:00:54]} 3. Bc4
{[%clk 01:24:16]} {[%emt 00:07:33]} Nf6 {[%clk 01:29:54]} {[%emt 00:00:51]} 4.
Nc3 {[%clk 01:23:42]} {[%emt 00:01:04]} d6 {[%clk 01:29:15]} {[%emt 00:01:09]}
5. h3 {[%clk 01:20:09]} {[%emt 00:04:03]} c6 {[%clk 01:28:46]} {[%emt
00:00:59]} 6. d3 {[%clk 01:12:36]} {[%emt 00:08:03]} h6 {[%clk 01:28:10]}
{[%emt 00:01:06]} 7. a4 {[%clk 01:08:07]} {[%emt 00:04:59]} Qc7 {[%clk
01:27:08]} {[%emt 00:01:32]} 8. Bd2 {[%clk 00:55:22]} {[%emt 00:13:15]} Nbd7
{[%clk 01:26:47]} {[%emt 00:00:51]} 9. a5 {[%clk 00:53:25]} {[%emt 00:02:27]}
Be7 {[%clk 01:25:53]} {[%emt 00:01:24]} 10. O-O {[%clk 00:52:24]} {[%emt
00:01:31]} Nf8 {[%clk 01:14:09]} {[%emt 00:12:15]} 11. d4 {[%clk 00:47:15]}
{[%emt 00:05:38]} g5 {[%clk 01:12:33]} {[%emt 00:02:07]} 12. dxe5 {[%clk
00:42:00]} {[%emt 00:05:45]} dxe5 {[%clk 01:12:54]} {[%emt 00:00:09]} 13. Nh2
{[%clk 00:38:29]} {[%emt 00:04:01]} Rg8 {[%clk 01:10:59]} {[%emt 00:02:24]} 14.
Ng4 {[%clk 00:27:48]} {[%emt 00:11:11]} h5 {[%clk 00:57:43]} {[%emt 00:13:47]}
15. Nh6 {[%clk 00:21:58]} {[%emt 00:06:20]} Rg7 {[%clk 00:57:14]} {[%emt
00:00:58]} 16. Nf5 {[%clk 00:21:00]} {[%emt 00:01:28]} Bxf5 {[%clk 00:53:31]}
{[%emt 00:04:14]} 17. exf5 {[%clk 00:21:24]} {[%emt 00:00:05]} g4 {[%clk
00:44:35]} {[%emt 00:09:26]} 18. hxg4 {[%clk 00:15:53]} {[%emt 00:06:01]} Nxg4
{[%clk 00:43:39]} {[%emt 00:01:25]} 19. Ne4 {[%clk 00:15:22]} {[%emt 00:01:02]}
Nh7 {[%clk 00:37:26]} {[%emt 00:06:43]} 20. Qe2 {[%clk 00:12:21]} {[%emt
00:03:32]} h4 {[%clk 00:27:33]} {[%emt 00:10:23]} 21. a6 {[%clk 00:08:45]}
{[%emt 00:04:06]} b6 {[%clk 00:23:59]} {[%emt 00:04:03]} 22. Rad1 {[%clk
00:05:13]} {[%emt 00:04:02]} O-O-O {[%clk 00:18:20]} {[%emt 00:06:10]} 23. f3
{[%clk 00:02:36]} {[%emt 00:03:06]} Ngf6 {[%clk 00:15:29]} {[%emt 00:03:21]}
24. Nxf6 {[%clk 00:01:46]} {[%emt 00:01:20]} Nxf6 {[%clk 00:14:29]} {[%emt
00:01:31]} 25. Be3 {[%clk 00:01:26]} {[%emt 00:00:50]} Rdg8 {[%clk 00:14:00]}
{[%emt 00:00:59]} 26. Rf2 {[%clk 00:01:42]} {[%emt 00:00:14]} Nh5 {[%clk
00:08:51]} {[%emt 00:05:39]} 27. Rd2 {[%clk 00:01:08]} {[%emt 00:01:03]} Ng3
{[%clk 00:08:06]} {[%emt 00:01:15]} 28. Qd1 {[%clk 00:00:53]} {[%emt 00:00:45]}
h3 {[%clk 00:07:21]} {[%emt 00:01:16]} 29. gxh3 {[%clk 00:00:40]} {[%emt
00:00:43]} Ne4+ {[%clk 00:07:32]} {[%emt 00:00:18]} 30. Kh2 {[%clk 00:00:48]}
{[%emt 00:00:23]} Nxf2 {[%clk 00:06:39]} {[%emt 00:01:23]} 31. Rxf2 {[%clk
00:01:14]} {[%emt 00:00:03]} Bh4 {[%clk 00:06:19]} {[%emt 00:00:51]} 32. Rf1
{[%clk 00:00:58]} {[%emt 00:00:46]} e4+ {[%clk 00:05:33]} {[%emt 00:01:16]} 33.
f4 {[%clk 00:01:07]} {[%emt 00:00:20]} Rg2+ {[%clk 00:05:23]} {[%emt 00:00:40]}
34. Kh1 {[%clk 00:01:31]} {[%emt 00:00:06]} R2g3 {[%clk 00:05:28]} {[%emt
00:00:26]} 0-1

[Event "DEM U18w 2024"]
[Site "Willingen GER"]
[Date "2024.05.25"]
[Round "9"]
[White "Werner, Rosalie"]
[Black "Frowein, Jamie"]
[Result "1-0"]
[Termination "normal"]
[Board "7"]
[WhiteElo "1938"]
[BlackElo "1719"]
[WhiteClock "00:43:20"]
[BlackClock "00:20:38"]
[PlyCount "69"]
[WhiteFideId "16223748"]
[BlackFideId "16282949"]
[EventCountry "GER"]
[EventRounds "9"]
[EventType "swiss"]
[EventDate "2024.05.18"]

1. e4 {[%clk 01:30:58]} {[%emt 00:00:01]} c5 {[%clk 01:30:56]} {[%emt
00:00:04]} 2. Nf3 {[%clk 01:31:24]} {[%emt 00:00:04]} d6 {[%clk 01:31:22]}
{[%emt 00:00:04]} 3. d4 {[%clk 01:31:49]} {[%emt 00:00:05]} cxd4 {[%clk
01:31:49]} {[%emt 00:00:04]} 4. Nxd4 {[%clk 01:32:14]} {[%emt 00:00:05]} Nf6
{[%clk 01:32:14]} {[%emt 00:00:05]} 5. Nc3 {[%clk 01:32:37]} {[%emt 00:00:07]}
g6 {[%clk 01:32:39]} {[%emt 00:00:05]} 6. Be3 {[%clk 01:33:02]} {[%emt
00:00:05]} Bg7 {[%clk 01:33:05]} {[%emt 00:00:03]} 7. f3 {[%clk 01:33:27]}
{[%emt 00:00:06]} a6 {[%clk 01:33:32]} {[%emt 00:00:03]} 8. Qd2 {[%clk
01:33:47]} {[%emt 00:00:10]} Nbd7 {[%clk 01:33:58]} {[%emt 00:00:04]} 9. g4
{[%clk 01:34:10]} {[%emt 00:00:07]} b5 {[%clk 01:34:18]} {[%emt 00:00:09]} 10.
O-O-O {[%clk 01:34:30]} {[%emt 00:00:10]} Bb7 {[%clk 01:34:38]} {[%emt
00:00:10]} 11. h4 {[%clk 01:34:54]} {[%emt 00:00:07]} b4 {[%clk 01:34:18]}
{[%emt 00:00:50]} 12. Nce2 {[%clk 01:34:49]} {[%emt 00:00:35]} Qa5 {[%clk
01:22:40]} {[%emt 00:12:08]} 13. Kb1 {[%clk 01:33:24]} {[%emt 00:01:55]} Nb6
{[%clk 01:18:56]} {[%emt 00:04:14]} 14. Nb3 {[%clk 01:22:57]} {[%emt 00:10:57]}
Qb5 {[%clk 01:11:39]} {[%emt 00:07:47]} 15. Ned4 {[%clk 01:17:05]} {[%emt
00:06:22]} Qd7 {[%clk 01:10:10]} {[%emt 00:01:59]} 16. h5 {[%clk 01:10:34]}
{[%emt 00:07:01]} Rf8 {[%clk 00:53:06]} {[%emt 00:17:34]} 17. Qxb4 {[%clk
00:58:06]} {[%emt 00:12:58]} Nxg4 {[%clk 00:34:08]} {[%emt 00:19:27]} 18. fxg4
{[%clk 00:53:15]} {[%emt 00:05:22]} Bxe4 {[%clk 00:32:00]} {[%emt 00:02:38]}
19. Rg1 {[%clk 00:51:41]} {[%emt 00:02:03]} Nd5 {[%clk 00:31:06]} {[%emt
00:01:24]} 20. Qe1 {[%clk 00:48:02]} {[%emt 00:04:09]} Nxe3 {[%clk 00:28:46]}
{[%emt 00:02:51]} 21. Qxe3 {[%clk 00:48:22]} {[%emt 00:00:09]} Bxd4 {[%clk
00:25:18]} {[%emt 00:03:58]} 22. Qxe4 {[%clk 00:44:28]} {[%emt 00:04:23]} Bxg1
{[%clk 00:23:41]} {[%emt 00:02:08]} 23. Qxa8+ {[%clk 00:44:51]} {[%emt
00:00:07]} Qd8 {[%clk 00:24:00]} {[%emt 00:00:11]} 24. Qxa6 {[%clk 00:43:58]}
{[%emt 00:01:23]} Rh8 {[%clk 00:21:30]} {[%emt 00:03:00]} 25. Bb5+ {[%clk
00:44:13]} {[%emt 00:00:15]} Kf8 {[%clk 00:21:54]} {[%emt 00:00:06]} 26. Rxg1
{[%clk 00:44:36]} {[%emt 00:00:07]} Kg7 {[%clk 00:22:09]} {[%emt 00:00:15]} 27.
Qc6 {[%clk 00:43:37]} {[%emt 00:01:29]} Rf8 {[%clk 00:21:52]} {[%emt 00:00:47]}
28. Qc3+ {[%clk 00:43:48]} {[%emt 00:00:20]} f6 {[%clk 00:22:06]} {[%emt
00:00:15]} 29. Qe3 {[%clk 00:43:20]} {[%emt 00:00:57]} Qc7 {[%clk 00:21:18]}
{[%emt 00:01:20]} 30. hxg6 {[%clk 00:43:26]} {[%emt 00:00:24]} hxg6 {[%clk
00:21:31]} {[%emt 00:00:16]} 31. Rh1 {[%clk 00:42:44]} {[%emt 00:01:11]} Qb7
{[%clk 00:19:33]} {[%emt 00:02:29]} 32. Qh6+ {[%clk 00:42:59]} {[%emt
00:00:15]} Kf7 {[%clk 00:19:54]} {[%emt 00:00:09]} 33. Qh7+ {[%clk 00:42:52]}
{[%emt 00:00:36]} Ke6 {[%clk 00:20:16]} {[%emt 00:00:10]} 34. Re1+ {[%clk
00:43:00]} {[%emt 00:00:21]} Kd5 {[%clk 00:20:38]} {[%emt 00:00:09]} 35. Qh1#
{[%clk 00:43:20]} {[%emt 00:00:08]} 1-0

[Event "DEM U18w 2024"]
[Site "Willingen GER"]
[Date "2024.05.25"]
[Round "9"]
[White "Wimmer, Katharina"]
[Black "Hellenbroich, Helene"]
[Result "1/2-1/2"]
[Termination "normal"]
[Board "8"]
[WhiteElo "1641"]
[BlackElo "1640"]
[WhiteClock "00:58:00"]
[BlackClock "00:38:04"]
[PlyCount "45"]
[WhiteFideId "16265947"]
[BlackFideId "16270754"]
[EventCountry "GER"]
[EventRounds "9"]
[EventType "swiss"]
[EventDate "2024.05.18"]

1. e4 {[%clk 01:30:57]} {[%emt 00:00:03]} e6 {[%clk 01:30:35]} {[%emt
00:00:26]} 2. Nc3 {[%clk 01:31:16]} {[%emt 00:00:11]} d5 {[%clk 01:30:37]}
{[%emt 00:00:27]} 3. Nf3 {[%clk 01:31:33]} {[%emt 00:00:13]} dxe4 {[%clk
01:30:15]} {[%emt 00:00:53]} 4. Nxe4 {[%clk 01:31:54]} {[%emt 00:00:09]} Nd7
{[%clk 01:30:13]} {[%emt 00:00:33]} 5. d4 {[%clk 01:32:01]} {[%emt 00:00:21]}
Ngf6 {[%clk 01:30:11]} {[%emt 00:00:32]} 6. Bg5 {[%clk 01:31:43]} {[%emt
00:00:49]} Be7 {[%clk 01:30:10]} {[%emt 00:00:31]} 7. Nxf6+ {[%clk 01:30:55]}
{[%emt 00:01:17]} Nxf6 {[%clk 01:27:02]} {[%emt 00:03:39]} 8. Bd3 {[%clk
01:30:12]} {[%emt 00:01:12]} O-O {[%clk 01:26:10]} {[%emt 00:01:22]} 9. c3
{[%clk 01:29:19]} {[%emt 00:01:22]} b6 {[%clk 01:16:26]} {[%emt 00:10:16]} 10.
Qc2 {[%clk 01:26:01]} {[%emt 00:03:47]} h6 {[%clk 01:15:21]} {[%emt 00:01:35]}
11. Bxf6 {[%clk 01:24:42]} {[%emt 00:01:49]} Bxf6 {[%clk 01:15:44]} {[%emt
00:00:07]} 12. O-O-O {[%clk 01:24:11]} {[%emt 00:01:00]} Bb7 {[%clk 01:14:08]}
{[%emt 00:02:07]} 13. Be4 {[%clk 01:23:20]} {[%emt 00:01:20]} Bxe4 {[%clk
01:11:25]} {[%emt 00:03:14]} 14. Qxe4 {[%clk 01:23:37]} {[%emt 00:00:13]} Qd5
{[%clk 01:09:34]} {[%emt 00:02:22]} 15. Qxd5 {[%clk 01:23:22]} {[%emt
00:00:45]} exd5 {[%clk 01:09:55]} {[%emt 00:00:08]} 16. Rhe1 {[%clk 01:22:15]}
{[%emt 00:01:37]} Rfe8 {[%clk 01:08:00]} {[%emt 00:02:26]} 17. Ne5 {[%clk
01:15:55]} {[%emt 00:06:49]} Re6 {[%clk 00:51:26]} {[%emt 00:17:05]} 18. f4
{[%clk 01:13:03]} {[%emt 00:03:21]} Rae8 {[%clk 00:50:10]} {[%emt 00:01:47]}
19. Kd2 {[%clk 01:10:41]} {[%emt 00:02:49]} R8e7 {[%clk 00:46:23]} {[%emt
00:04:19]} 20. g3 {[%clk 01:03:26]} {[%emt 00:07:46]} Kf8 {[%clk 00:40:36]}
{[%emt 00:06:17]} 21. Re2 {[%clk 01:00:32]} {[%emt 00:03:22]} Bxe5 {[%clk
00:39:26]} {[%emt 00:01:42]} 22. Rxe5 {[%clk 00:58:11]} {[%emt 00:02:51]} Rxe5
{[%clk 00:38:04]} {[%emt 00:01:52]} 23. fxe5 {[%clk 00:58:00]} {[%emt
00:00:41]} 1/2-1/2

[Event "DEM U18w 2024"]
[Site "Willingen GER"]
[Date "2024.05.25"]
[Round "9"]
[White "Luzgina, Anastasiia"]
[Black "Modali, Nikhilamrutha"]
[Result "1/2-1/2"]
[Termination "normal"]
[Board "9"]
[WhiteElo "1665"]
[BlackElo "1608"]
[WhiteClock "00:13:59"]
[BlackClock "00:07:33"]
[PlyCount "62"]
[WhiteFideId "24280860"]
[BlackFideId "16282370"]
[EventCountry "GER"]
[EventRounds "9"]
[EventType "swiss"]
[EventDate "2024.05.18"]

1. d4 {[%clk 01:30:57]} {[%emt 00:00:02]} Nf6 {[%clk 01:30:34]} {[%emt
00:00:27]} 2. c4 {[%clk 01:31:19]} {[%emt 00:00:08]} g6 {[%clk 01:31:03]}
{[%emt 00:00:02]} 3. Nf3 {[%clk 01:31:08]} {[%emt 00:00:40]} d6 {[%clk
01:30:15]} {[%emt 00:01:19]} 4. Bg5 {[%clk 01:30:11]} {[%emt 00:01:26]} Bg7
{[%clk 01:28:17]} {[%emt 00:02:29]} 5. e3 {[%clk 01:30:20]} {[%emt 00:00:20]}
Nbd7 {[%clk 01:26:06]} {[%emt 00:02:42]} 6. Be2 {[%clk 01:30:17]} {[%emt
00:00:32]} O-O {[%clk 01:25:57]} {[%emt 00:00:40]} 7. Nc3 {[%clk 01:29:46]}
{[%emt 00:01:00]} Re8 {[%clk 01:16:01]} {[%emt 00:10:26]} 8. O-O {[%clk
01:28:24]} {[%emt 00:01:51]} e5 {[%clk 01:15:28]} {[%emt 00:01:05]} 9. Rc1
{[%clk 01:18:14]} {[%emt 00:10:39]} c6 {[%clk 00:56:23]} {[%emt 00:19:35]} 10.
d5 {[%clk 01:17:18]} {[%emt 00:01:26]} c5 {[%clk 00:54:56]} {[%emt 00:01:57]}
11. a3 {[%clk 01:08:27]} {[%emt 00:09:21]} a6 {[%clk 00:51:53]} {[%emt
00:03:34]} 12. b4 {[%clk 01:07:37]} {[%emt 00:01:19]} Qc7 {[%clk 00:47:28]}
{[%emt 00:04:55]} 13. Nd2 {[%clk 01:00:19]} {[%emt 00:07:48]} h6 {[%clk
00:43:37]} {[%emt 00:04:21]} 14. Bh4 {[%clk 00:59:45]} {[%emt 00:01:03]} Nh7
{[%clk 00:39:45]} {[%emt 00:04:23]} 15. f3 {[%clk 00:55:38]} {[%emt 00:04:37]}
f5 {[%clk 00:32:06]} {[%emt 00:08:10]} 16. e4 {[%clk 00:49:21]} {[%emt
00:06:47]} f4 {[%clk 00:31:53]} {[%emt 00:00:43]} 17. Bf2 {[%clk 00:49:24]}
{[%emt 00:00:26]} b6 {[%clk 00:31:07]} {[%emt 00:01:17]} 18. Qc2 {[%clk
00:46:55]} {[%emt 00:02:58]} Ndf6 {[%clk 00:26:42]} {[%emt 00:04:55]} 19. Rb1
{[%clk 00:44:46]} {[%emt 00:02:38]} Bd7 {[%clk 00:26:06]} {[%emt 00:01:07]} 20.
Rb2 {[%clk 00:44:52]} {[%emt 00:00:23]} Reb8 {[%clk 00:23:11]} {[%emt
00:03:26]} 21. Rfb1 {[%clk 00:44:29]} {[%emt 00:00:53]} g5 {[%clk 00:21:30]}
{[%emt 00:02:12]} 22. Qd1 {[%clk 00:33:29]} {[%emt 00:11:28]} h5 {[%clk
00:21:02]} {[%emt 00:00:58]} 23. h3 {[%clk 00:32:12]} {[%emt 00:01:46]} Qc8
{[%clk 00:16:26]} {[%emt 00:05:07]} 24. Kf1 {[%clk 00:15:46]} {[%emt 00:16:56]}
g4 {[%clk 00:14:23]} {[%emt 00:02:34]} 25. hxg4 {[%clk 00:15:55]} {[%emt
00:00:19]} hxg4 {[%clk 00:14:49]} {[%emt 00:00:06]} 26. fxg4 {[%clk 00:16:20]}
{[%emt 00:00:05]} Nxg4 {[%clk 00:14:40]} {[%emt 00:00:39]} 27. Bxg4 {[%clk
00:14:13]} {[%emt 00:02:37]} Bxg4 {[%clk 00:15:04]} {[%emt 00:00:07]} 28. Nf3
{[%clk 00:14:17]} {[%emt 00:00:25]} Ng5 {[%clk 00:10:51]} {[%emt 00:04:42]} 29.
Qd3 {[%clk 00:13:41]} {[%emt 00:01:06]} Nxf3 {[%clk 00:10:28]} {[%emt
00:00:54]} 30. gxf3 {[%clk 00:13:47]} {[%emt 00:00:23]} Bh3+ {[%clk 00:09:09]}
{[%emt 00:01:50]} 31. Ke2 {[%clk 00:13:59]} {[%emt 00:00:18]} Kf7 {[%clk
00:07:33]} {[%emt 00:02:06]} 1/2-1/2

[Event "DEM U18w 2024"]
[Site "Willingen GER"]
[Date "2024.05.25"]
[Round "9"]
[White "Schmidt, Luise"]
[Black "Köpnick, Amanda"]
[Result "1-0"]
[Termination "normal"]
[Board "10"]
[WhiteElo "1666"]
[BlackElo "1636"]
[WhiteClock "00:09:22"]
[BlackClock "00:30:27"]
[PlyCount "133"]
[WhiteFideId "16294475"]
[BlackFideId "34618538"]
[EventCountry "GER"]
[EventRounds "9"]
[EventType "swiss"]
[EventDate "2024.05.18"]

1. d4 {[%clk 01:30:59]} d5 {[%clk 01:30:51]} {[%emt 00:00:09]} 2. c4 {[%clk
01:31:25]} {[%emt 00:00:04]} e5 {[%clk 01:31:13]} {[%emt 00:00:08]} 3. dxe5
{[%clk 01:31:43]} {[%emt 00:00:13]} d4 {[%clk 01:31:38]} {[%emt 00:00:04]} 4.
Nf3 {[%clk 01:31:27]} {[%emt 00:00:46]} Nc6 {[%clk 01:31:45]} {[%emt 00:00:23]}
5. g3 {[%clk 01:26:35]} {[%emt 00:05:23]} Nge7 {[%clk 01:31:56]} {[%emt
00:00:18]} 6. Bg2 {[%clk 01:25:53]} {[%emt 00:01:12]} Ng6 {[%clk 01:32:13]}
{[%emt 00:00:13]} 7. O-O {[%clk 01:25:38]} {[%emt 00:00:45]} Bg4 {[%clk
01:30:33]} {[%emt 00:02:10]} 8. b3 {[%clk 01:24:06]} {[%emt 00:02:03]} Be7
{[%clk 01:25:21]} {[%emt 00:05:41]} 9. Bb2 {[%clk 01:20:36]} {[%emt 00:04:01]}
Bxf3 {[%clk 01:23:16]} {[%emt 00:02:35]} 10. Bxf3 {[%clk 01:06:33]} {[%emt
00:14:33]} Ngxe5 {[%clk 01:22:38]} {[%emt 00:01:07]} 11. Bd5 {[%clk 01:05:28]}
{[%emt 00:01:35]} Bf6 {[%clk 01:22:14]} {[%emt 00:00:55]} 12. Nd2 {[%clk
01:03:28]} {[%emt 00:02:30]} O-O {[%clk 01:16:02]} {[%emt 00:06:41]} 13. Ne4
{[%clk 00:58:35]} {[%emt 00:05:24]} Be7 {[%clk 01:07:20]} {[%emt 00:09:11]} 14.
Qd2 {[%clk 00:47:08]} {[%emt 00:11:57]} Bb4 {[%clk 01:05:14]} {[%emt 00:02:36]}
15. Qf4 {[%clk 00:38:02]} {[%emt 00:09:36]} Ng6 {[%clk 01:04:01]} {[%emt
00:01:43]} 16. Qg4 {[%clk 00:34:23]} {[%emt 00:04:07]} Nge7 {[%clk 00:54:57]}
{[%emt 00:09:36]} 17. Nf6+ {[%clk 00:29:26]} {[%emt 00:05:28]} Kh8 {[%clk
00:55:18]} {[%emt 00:00:09]} 18. Nh5 {[%clk 00:29:16]} {[%emt 00:00:37]} Ng6
{[%clk 00:54:08]} {[%emt 00:01:41]} 19. Bxc6 {[%clk 00:26:33]} {[%emt
00:03:14]} bxc6 {[%clk 00:53:00]} {[%emt 00:01:38]} 20. Bxd4 {[%clk 00:26:29]}
{[%emt 00:00:34]} f6 {[%clk 00:50:48]} {[%emt 00:02:42]} 21. Rad1 {[%clk
00:25:56]} {[%emt 00:01:04]} Qc8 {[%clk 00:49:33]} {[%emt 00:01:45]} 22. Qe4
{[%clk 00:23:07]} {[%emt 00:03:17]} Qe8 {[%clk 00:48:23]} {[%emt 00:01:42]} 23.
Qf3 {[%clk 00:21:00]} {[%emt 00:02:37]} Bd6 {[%clk 00:46:55]} {[%emt 00:01:57]}
24. Qe3 {[%clk 00:14:56]} {[%emt 00:06:34]} Qf7 {[%clk 00:45:08]} {[%emt
00:02:17]} 25. c5 {[%clk 00:12:51]} {[%emt 00:02:36]} Be5 {[%clk 00:44:13]}
{[%emt 00:01:23]} 26. Bxe5 {[%clk 00:11:35]} {[%emt 00:01:47]} Nxe5 {[%clk
00:44:18]} {[%emt 00:00:25]} 27. Nf4 {[%clk 00:11:43]} {[%emt 00:00:21]} Rfe8
{[%clk 00:42:39]} {[%emt 00:02:10]} 28. Qc3 {[%clk 00:09:23]} {[%emt 00:02:45]}
Ng4 {[%clk 00:40:06]} {[%emt 00:03:09]} 29. Rd2 {[%clk 00:08:30]} {[%emt
00:01:22]} Rad8 {[%clk 00:38:05]} {[%emt 00:02:31]} 30. Rfd1 {[%clk 00:08:12]}
{[%emt 00:00:48]} Rxd2 {[%clk 00:37:48]} {[%emt 00:00:47]} 31. Qxd2 {[%clk
00:07:15]} {[%emt 00:01:27]} Ne5 {[%clk 00:36:26]} {[%emt 00:01:52]} 32. Qa5
{[%clk 00:06:17]} {[%emt 00:01:27]} Ra8 {[%clk 00:32:25]} {[%emt 00:04:33]} 33.
Rd4 {[%clk 00:05:57]} {[%emt 00:00:45]} Qe7 {[%clk 00:28:50]} {[%emt 00:04:08]}
34. Qd2 {[%clk 00:05:56]} {[%emt 00:00:31]} Kg8 {[%clk 00:26:29]} {[%emt
00:02:52]} 35. b4 {[%clk 00:05:53]} {[%emt 00:00:33]} Re8 {[%clk 00:26:11]}
{[%emt 00:00:48]} 36. Ng2 {[%clk 00:05:07]} {[%emt 00:01:17]} Qe6 {[%clk
00:24:29]} {[%emt 00:02:11]} 37. Rd8 {[%clk 00:04:45]} {[%emt 00:00:50]} Kf8
{[%clk 00:23:12]} {[%emt 00:01:48]} 38. Nf4 {[%clk 00:03:45]} {[%emt 00:01:31]}
Qe7 {[%clk 00:21:41]} {[%emt 00:02:01]} 39. Rxe8+ {[%clk 00:03:54]} {[%emt
00:00:21]} Kxe8 {[%clk 00:20:50]} {[%emt 00:01:21]} 40. a3 {[%clk 00:04:13]}
{[%emt 00:00:10]} Qf7 {[%clk 00:18:26]} {[%emt 00:02:54]} 41. Qc2 {[%clk
00:30:03]} {[%emt 00:04:35]} g5 {[%clk 00:47:11]} {[%emt 00:01:50]} 42. Ng2
{[%clk 00:27:10]} {[%emt 00:03:24]} Qg6 {[%clk 00:44:51]} {[%emt 00:02:50]} 43.
Qxg6+ {[%clk 00:24:04]} {[%emt 00:03:36]} hxg6 {[%clk 00:44:49]} {[%emt
00:00:32]} 44. Ne3 {[%clk 00:23:48]} {[%emt 00:00:46]} Kd7 {[%clk 00:43:48]}
{[%emt 00:01:31]} 45. f4 {[%clk 00:23:04]} {[%emt 00:01:14]} Nf7 {[%clk
00:42:42]} {[%emt 00:01:37]} 46. Nc4 {[%clk 00:22:35]} {[%emt 00:00:58]} gxf4
{[%clk 00:40:59]} {[%emt 00:02:12]} 47. gxf4 {[%clk 00:22:55]} {[%emt
00:00:11]} Nd8 {[%clk 00:40:30]} {[%emt 00:00:59]} 48. Kf2 {[%clk 00:21:50]}
{[%emt 00:01:33]} Ne6 {[%clk 00:40:11]} {[%emt 00:00:50]} 49. e3 {[%clk
00:20:57]} {[%emt 00:01:24]} Ke7 {[%clk 00:38:03]} {[%emt 00:02:37]} 50. Kg3
{[%clk 00:21:05]} {[%emt 00:00:22]} Ng7 {[%clk 00:37:56]} {[%emt 00:00:38]} 51.
Kg4 {[%clk 00:18:59]} {[%emt 00:02:36]} Nf5 {[%clk 00:37:37]} {[%emt 00:00:48]}
52. h4 {[%clk 00:17:33]} {[%emt 00:01:56]} Nh6+ {[%clk 00:35:29]} {[%emt
00:02:38]} 53. Kh3 {[%clk 00:17:08]} {[%emt 00:00:55]} Nf5 {[%clk 00:35:30]}
{[%emt 00:00:29]} 54. e4 {[%clk 00:16:21]} {[%emt 00:01:18]} Nd4 {[%clk
00:34:57]} {[%emt 00:01:02]} 55. Kg4 {[%clk 00:14:11]} {[%emt 00:02:40]} Ke6
{[%clk 00:33:54]} {[%emt 00:01:33]} 56. h5 {[%clk 00:10:29]} {[%emt 00:04:12]}
gxh5+ {[%clk 00:33:33]} {[%emt 00:00:50]} 57. Kxh5 {[%clk 00:10:55]} {[%emt
00:00:05]} Nc2 {[%clk 00:32:22]} {[%emt 00:01:41]} 58. Kg6 {[%clk 00:10:22]}
{[%emt 00:01:02]} Nd4 {[%clk 00:32:06]} {[%emt 00:00:47]} 59. f5+ {[%clk
00:10:08]} {[%emt 00:00:45]} Ke7 {[%clk 00:32:14]} {[%emt 00:00:21]} 60. e5
{[%clk 00:10:12]} {[%emt 00:00:26]} fxe5 {[%clk 00:31:45]} {[%emt 00:00:58]}
61. Nxe5 {[%clk 00:10:35]} {[%emt 00:00:08]} Ke8 {[%clk 00:31:25]} {[%emt
00:00:50]} 62. f6 {[%clk 00:10:11]} {[%emt 00:00:54]} Ne6 {[%clk 00:31:05]}
{[%emt 00:00:51]} 63. Nxc6 {[%clk 00:09:53]} {[%emt 00:00:48]} Nf4+ {[%clk
00:30:41]} {[%emt 00:00:53]} 64. Kf5 {[%clk 00:09:53]} {[%emt 00:00:30]} Nd5
{[%clk 00:31:05]} {[%emt 00:00:07]} 65. Ke5 {[%clk 00:09:30]} {[%emt 00:00:53]}
Ne3 {[%clk 00:30:52]} {[%emt 00:00:42]} 66. Ke6 {[%clk 00:09:28]} {[%emt
00:00:31]} Kf8 {[%clk 00:30:27]} {[%emt 00:00:56]} 67. Ne5 {[%clk 00:09:22]}
{[%emt 00:00:36]} 1-0